[Event "Hessen-ch op-A"]
[Site "Floersheim"]
[Date "2016.05.08"]
[Round "7"]
[White "Gersmann, Kai"]
[Black "Ostermeier, Thorsten"]
[Result "1-0"]
[WhiteElo "2094"]
[BlackElo "2050"]
[PlyCount "67"]
[EventDate "2016.05.05"]
[EventType "swiss"]
[EventRounds "7"]
[EventCountry "GER"]
[SourceTitle "EXT 2022"]
[Source "ChessBase"]
[SourceDate "2021.10.06"]
[SourceVersion "1"]
[SourceVersionDate "2021.10.06"]
[SourceQuality "1"]

1. e4 c5 2. Nf3 Nc6 3. Bb5 a6 4. Bxc6 dxc6 5. b3 Bg4 6. Bb2 Nf6 7. d3 e6 8. Nbd2 Be7 9. h3 Bh5 10. g4 Bg6 11. h4 h5 12. g5 Nd7 13. Bxg7 Rg8 14. Bb2 Qc7 15. Nc4 b5 16. Nce5 0-0-0 17. Qe2 Bd6 18. Nxd7 Rxd7 19. a4 Kb7 20. axb5 axb5 21. 0-0 e5 22. Qe1 b4 23. Ra4 f6 24. Qa1 Qb6 25. Nd2 Bf7 26. Kh1 fxg5 27. Bxe5 g4 28. Bxd6 Rxd6 29. Qe5 Re6 30. Qf5 Re7 31. Rfa1 g3 32. Ra7+ Qxa7 33. Rxa7+ Kxa7 34. Qxc5+ 1-0

[Event "Hessen-ch op-A"]
[Site "Floersheim"]
[Date "2016.05.07"]
[Round "6"]
[White "Reiter, Hans Ernst"]
[Black "Gersmann, Kai"]
[Result "1-0"]
[WhiteElo "2037"]
[BlackElo "2094"]
[PlyCount "87"]
[EventDate "2016.05.05"]
[EventType "swiss"]
[EventRounds "7"]
[EventCountry "GER"]
[SourceTitle "EXT 2022"]
[Source "ChessBase"]
[SourceDate "2021.10.06"]
[SourceVersion "1"]
[SourceVersionDate "2021.10.06"]
[SourceQuality "1"]

1. d4 g6 2. Nf3 Bg7 3. c3 d5 4. Bf4 Nf6 5. h3 0-0 6. e3 c5 7. Be2 Nc6 8. Nbd2 Nd7 9. 0-0 e5 10. dxe5 Ndxe5 11. Nxe5 Nxe5 12. Nf3 Nc6 13. Qc2 h6 14. Rad1 Be6 15. Bg3 Qa5 16. a3 Rfd8 17. Rd2 Rac8 18. Ra1 b5 19. Qd1 Qb6 20. Qf1 Na5 21. Re1 Nb3 22. Rdd1 b4 23. axb4 cxb4 24. Ba6 Rc5 25. cxb4 Qxb4 26. Be5 Nd2 27. Rxd2 Bxe5 28. Rc1 Ra5 29. Bd3 Bf6 30. Qe2 Ra2 31. Nd4 Bxd4 32. exd4 Kh7 33. Bb1 Ra4 34. Rc3 Qb6 35. Qe5 Rb4 36. Re3 Re8 37. Qf6 Qc6 38. Rde2 Rg8 39. Rxe6 fxe6 40. Qe7+ Kh8 41. Qf6+ Kh7 42. Qe7+ Rg7 43. Qxb4 Rb7 44. Qd2 1-0

[Event "Hessen-ch op-A"]
[Site "Floersheim"]
[Date "2016.05.06"]
[Round "4"]
[White "Siebenhaar, Erich"]
[Black "Gersmann, Kai"]
[Result "1-0"]
[WhiteElo "2021"]
[BlackElo "2094"]
[PlyCount "105"]
[EventDate "2016.05.05"]
[EventType "swiss"]
[EventRounds "7"]
[EventCountry "GER"]
[SourceTitle "EXT 2022"]
[Source "ChessBase"]
[SourceDate "2021.10.06"]
[SourceVersion "1"]
[SourceVersionDate "2021.10.06"]
[SourceQuality "1"]

1. d4 g6 2. e4 Bg7 3. Nc3 d6 4. Be3 a6 5. Be2 e6 6. Qd2 b5 7. Bf3 Bb7 8. a4 b4 9. Nce2 a5 10. h4 h5 11. c3 Na6 12. Nh3 Nh6 13. Qd3 Qd7 14. 0-0 Ng4 15. Bg5 c5 16. Rfd1 cxd4 17. cxd4 Bc6 18. b3 Qb7 19. d5 exd5 20. exd5 Bd7 21. Bxg4 Bxg4 22. Qe3+ Kf8 23. f3 Bxh3 24. gxh3 Re8 25. Qd2 Bxa1 26. Rxa1 Kg8 27. Bf6 Rh7 28. Ng3 Nc5 29. Re1 Qa8 30. Rxe8+ Qxe8 31. Qf4 Qe1+ 32. Nf1 Nd3 33. Qe3 Qxe3+ 34. Nxe3 Ne5 35. Nc4 Kf8 36. Nxd6 Nd7 37. Bd8 f5 38. Bxa5 Nc5 39. Bxb4 Nxb3 40. Nxf5+ Ke8 41. Nd6+ Kd7 42. Ne4 Rf7 43. a5 Kc7 44. Ng5 Rd7 45. Ne6+ Kc8 46. d6 Rf7 47. a6 Ra7 48. Nc7 Kd7 49. Kf2 Nd4 50. Bc5 Nc6 51. Ke3 Rxc7 52. dxc7 Kxc7 53. Ke4 1-0

[Event "Karl Mala Memorial op-A 17th"]
[Site "Frankfurt"]
[Date "2014.07.31"]
[Round "1"]
[White "Hornung, Thomas"]
[Black "Gersmann, Kai"]
[Result "0-1"]
[WhiteElo "2020"]
[BlackElo "1978"]
[PlyCount "68"]
[EventDate "2014.07.31"]
[EventType "swiss"]
[EventRounds "7"]
[EventCountry "GER"]
[SourceTitle "EXT 2015"]
[Source "ChessBase"]
[SourceDate "2014.11.20"]
[SourceVersion "1"]
[SourceVersionDate "2014.11.20"]
[SourceQuality "1"]

1. d4 g6 2. c4 Bg7 3. e4 d6 4. Nc3 Nc6 5. Be3 e5 6. d5 Nce7 7. Bd3 f5 8. f3 Nf6 9. Nge2 0-0 10. Qc2 c6 11. dxc6 bxc6 12. 0-0 Be6 13. Rab1 Qd7 14. b4 a6 15. a4 d5 16. cxd5 cxd5 17. Nxd5 Nexd5 18. exd5 Bxd5 19. Bc5 Rfd8 20. Nc3 Bb7 21. Bc4+ Kh8 22. Rbd1 Qc6 23. a5 Rac8 24. Bb3 Qe8 25. Bb6 Rxd1 26. Rxd1 e4 27. Ba4 Qe6 28. Qb3 Qxb3 29. Bxb3 exf3 30. gxf3 Bxf3 31. Rd8+ Rxd8 32. Bxd8 Ng4 33. Nd5 Bd4+ 34. Kf1 Bxd5 0-1